[Event "Magnus Carlsen Invitational 2020"]
[Site "magnuscarlsen.com"]
[Date "2020.04.26"]
[Round "5.4"]
[White "Carlsen, Magnus"]
[Black "Giri, Anish"]
[Result "1/2-1/2"]
[WhiteElo "2881"]
[BlackElo "2731"]
[Annotator "TA"]
[PlyCount "50"]
[EventDate "2020.04.18"]
[EventType "tourn"]
[EventCountry "NOR"]
[SourceTitle "playchess.com"]
[Source "ChessBase"]
[SourceQuality "1"]

{[%evp 16,50,0,0,0,0,0,-7,0,-55,9,0,24,-31,-30,-107,-94,-95,-75,-70,-77,-89,0,0,0,0,0,0,0,0,0,0,0,0,0,0,0]} 1. e4 c5 2. Nf3 d6 3. d4 cxd4 4. Nxd4 Nf6 5. Nc3 a6 6. Bg5 e6 7. f3 Be7 8. Qd2 O-O 9. O-O-O b5 {B95: Sicilian Najdorf: 6 Bg5 e6, unusual White 7th moves.} 10. a3 Bb7 11. Kb1 Nbd7 {[#]} 12. Qe1 $146 (12. h4 $11) ({Predecessor:} 12. h4 Rc8 13. g4 d5 14. Bxf6 Bxf6 15. g5 Bxd4 16. Qxd4 Qc7 17. exd5 Bxd5 18. Qf2 Bb7 19. h5 Qc5 20. Qg3 {½-½ (20) Ivanov,B (2430)-Martynov,A (2344) ICCF email 2016}) 12... Rc8 ({Black should try} 12... Nxe4 $1 $15 13. Nxe4 Bxg5) 13. h4 Qc7 14. Rh3 (14. g4 $11) 14... Rfe8 $15 15. h5 (15. Bd3 $11 {remains equal.}) 15... Nxe4 $17 16. Bxe7 Nxc3+ 17. bxc3 {Black must now prevent h6.} Rxe7 {[#]} 18. Nf5 $1 {[%mdl 512]} exf5 ({Better is} 18... Nb6 $17 19. Nxe7+ Qxe7) 19. Qxe7 $11 {The position is equal.} Qxc3 {[%mdl 64] Double Attack} 20. Bd3 $36 {[%mdl 2048] White has the initiative.} Nc5 {[%cal Bd7c5,Bc5b3,Bb3c1][%mdl 32]} ({Not} 20... Qxa3 $2 21. Qxd7 Rb8 22. Qxf5 $18) 21. Bxf5 Nb3 {[%csl Gb3][%cal Rc3a1] [#]} 22. Ka2 Nc1+ 23. Kb1 Nb3 $1 {[%csl Gb3][%cal Rc3a1]} 24. Ka2 Nc1+ 25. Kb1 Nb3 $1 {Accuracy: White = 79%, Black = 85%.} 1/2-1/2

[Event "Magnus Carlsen Invitational 2020"]
[Site "magnuscarlsen.com"]
[Date "2020.04.27"]
[Round "5.4"]
[White "Ding, Liren"]
[Black "Nepomniachtchi, Ian"]
[Result "1-0"]
[WhiteElo "2836"]
[BlackElo "2778"]
[Annotator "TA"]
[PlyCount "89"]
[EventDate "2020.04.18"]
[EventType "tourn"]
[EventCountry "NOR"]
[SourceTitle "playchess.com"]
[Source "ChessBase"]
[SourceQuality "1"]

{[%evp 9,89,4,46,50,43,46,43,32,50,47,45,40,52,39,73,29,44,37,16,23,27,27,66,64,47,44,44,45,50,57,60,66,68,66,60,66,73,73,71,71,70,62,66,58,61,60,55,2,3,8,197,213,204,204,95,200,397,252,391,397,908,869,29985,351,324,267,256,254,328,317,325,324,427,410,431,416,400,395,509,470,829,819]} 1. Nf3 Nf6 2. g3 c5 3. Bg2 Nc6 4. O-O e5 5. e4 Nxe4 6. Re1 {A04: Unusual lines after 1 Nf3 and King's Indian Attack.} Nf6 7. Nxe5 Be7 {[#]} 8. c4 $146 {White is slightly better.} ({Predecessor:} 8. c3 Nxe5 9. Rxe5 O-O 10. d4 d6 11. Re1 d5 12. Bg5 Be6 13. Nd2 cxd4 14. cxd4 {0-1 (56) Sigurjonsson,G (2475)-Alburt,L (2515) Wijk aan Zee 1980}) 8... O-O 9. Nc3 Nxe5 10. Rxe5 d6 11. Re1 Be6 12. Bxb7 Rb8 13. Bg2 Bxc4 14. d4 Be6 15. b3 Rb4 16. dxc5 dxc5 17. Qxd8 Rxd8 18. Ba3 Rbb8 19. Na4 Rdc8 20. Rac1 {[%cal Ra3c5]} Nd7 21. Bd5 Bxd5 22. Rxe7 Bc6 23. Nxc5 Nxc5 24. Rxc5 a6 25. f4 h6 26. Kf2 Bb5 27. Ke3 Rd8 28. Rcc7 (28. Bb4 $14) 28... Rd3+ $1 $11 29. Ke4 Rd2 $2 {[#]} (29... Rbd8 $1 $11 {and Black is okay.}) 30. Rxf7 $18 Re8+ 31. Kf5 Bd3+ 32. Kg4 Rxh2 $2 (32... Be2+ 33. Kh4 g5+ 34. Kh3 Bd3 35. fxg5 hxg5) 33. Rxg7+ Kh8 34. Bd6 Rf2 $2 (34... Rg8) 35. Bc5 {[#] Threatening mate with Bd4.} Rd2 36. Bb4 $2 (36. f5 {mates} Bxf5+ 37. Kxf5 Rd5+ 38. Kg6 Rg5+ 39. Kxh6 Rxg7 40. Rxg7 Re6+ 41. Rg6) 36... Rc2 37. Rxc2 {Strongly threatening Rcc7.} Kxg7 {[%mdl 4096] Endgame KRB-KRB} 38. Rc7+ Kg6 39. Rc6+ Kf7 40. Rxh6 Re2 41. Rd6 Re3 42. Kh4 Be2 43. g4 Rf3 44. Rd4 Rf2 (44... Rd3 $142) 45. Kg5 {Accuracy: White = 89%, Black = 56%.} 1-0

[Event "Magnus Carlsen Invitational 2020"]
[Site "magnuscarlsen.com"]
[Date "2020.04.27"]
[Round "5.4"]
[White "Nakamura, Hikaru"]
[Black "Caruana, Fabiano"]
[Result "1/2-1/2"]
[WhiteElo "2829"]
[BlackElo "2773"]
[Annotator "TA"]
[PlyCount "81"]
[EventDate "2020.04.18"]
[EventType "tourn"]
[EventCountry "NOR"]
[SourceTitle "playchess.com"]
[Source "ChessBase"]
[SourceQuality "1"]

{[%evp 13,81,9,14,8,19,0,0,0,0,0,0,-8,-9,-6,8,12,10,16,7,7,7,11,24,0,0,0,0,0,0,-26,0,0,0,0,0,-17,0,0,0,-4,0,0,0,-4,17,0,0,0,0,0,0,0,0,0,0,0,0,0,0,0,0,0,0,0,0,0,0,0,0,0]} 1. d4 d5 2. c4 c6 3. Nf3 Nf6 4. Qc2 dxc4 5. Qxc4 Bf5 6. g3 e6 7. Bg2 Be7 8. O-O {D23: Queen's Gambit Accepted: 3 Nf3 Nf6 sidelines.} O-O 9. Qb3 Qb6 10. Nbd2 Rd8 11. Nc4 Qa6 {[#]} 12. Bd2 $146 ({Predecessor:} 12. Rd1 Be4 13. Nce5 Bd5 14. Qc2 Be4 15. Qb3 Bd5 16. Qc2 Be4 {½-½ (16) Ingbrandt,J (2469)-Bator,R (2439) Sweden 2009}) 12... Nbd7 13. Rfc1 Be4 14. Bb4 c5 15. dxc5 Nxc5 16. Qa3 $1 Qxa3 17. Bxa3 Rac8 18. Ne1 Kf8 19. Bxe4 Nfxe4 20. f3 Nf6 21. Kf2 Nd5 (21... b5 $5 {[%cal Rb5c4]} 22. Na5 {[#]} b4 $1 {[%mdl 512]} 23. Bxb4 Nce4+ {[%mdl 64] Discovered Attack} 24. fxe4 Bxb4 $15) 22. Ne3 {The position is equal.} Nxe3 23. Kxe3 a5 24. f4 Nd7 25. Bxe7+ Kxe7 26. Nd3 Nb6 27. Kf3 Nc4 28. a4 Rc6 29. b4 axb4 30. Nxb4 Rc7 31. a5 Rdc8 {[#] Strongly threatening ...Nd2+.} 32. Kf2 Nd6 33. Rxc7+ Rxc7 $11 {[%mdl 4096] Endgame KRN-KRN} 34. a6 bxa6 35. Rxa6 Ne4+ 36. Ke3 Nc5 37. Rc6 Rxc6 38. Nxc6+ Kd6 39. Ne5 f6 40. Nf3 Nd7 41. Nd2 {A rather calm draw. Accuracy: White = 96%, Black = 97%.} 1/2-1/2

[Event "Magnus Carlsen Invitational 2020"]
[Site "magnuscarlsen.com"]
[Date "2020.04.26"]
[Round "5.4"]
[White "Firouzja, Alireza"]
[Black "Vachier-Lagrave, Maxime"]
[Result "1/2-1/2"]
[WhiteElo "2703"]
[BlackElo "2860"]
[Annotator "TA"]
[PlyCount "174"]
[EventDate "2020.04.18"]
[EventType "tourn"]
[EventCountry "NOR"]
[SourceTitle "playchess.com"]
[Source "ChessBase"]
[SourceQuality "1"]

{[%evp 11,174,14,15,20,18,18,17,13,18,18,18,23,25,20,26,28,27,28,23,24,32,18,26,12,36,26,33,33,47,45,72,72,75,83,70,66,92,93,97,92,142,143,150,50,36,45,46,34,26,39,31,22,18,20,20,27,40,15,83,70,89,84,88,76,109,0,0,0,0,0,0,-156,-145,-145,0,-157,-129,-120,-123,-123,-123,-133,-54,-125,-81,-83,-71,-166,-137,-155,-20,-55,-36,-162,-137,-137,-143,-158,-163,-175,-173,-246,-78,-80,-63,-92,-32,-54,-8,-8,-8,-8,-8,-8,-8,-8,-8,-8,0,0,0,-8,0,-8,-8,-8,-8,-80,0,0,0,-8,-8,-8,-8,-8,0,-8,0,-8,-8,-8,-8,-8,0,-8,-8,-8,-8,-8,-8,-8,-8,-8,-8,-8,-8,-8,-8,-8,0,-8,0,0,0]} 1. d4 d5 2. c4 c6 3. Nf3 Nf6 4. cxd5 cxd5 5. Nc3 Nc6 6. Bf4 Nh5 7. Bd2 {D13: Slav Defence: Exchange variation without ...Bf5.} g6 8. e3 Bg7 9. Be2 O-O 10. O-O Nf6 11. Rc1 Bf5 {[#]} 12. Qb3 $146 ({Predecessor:} 12. a3 a6 13. Nh4 Be6 14. Nf3 Nd7 15. Bd3 f5 16. Ng5 Rf6 17. Nxe6 Rxe6 18. Nxd5 Rd6 19. Nb4 {0-1 (43) Skozinski,G-Haase,E Kropp 1993}) 12... Rb8 13. Rfd1 Qd6 14. Nb5 Qe6 15. Qa3 Ne4 16. Be1 Rfc8 17. Nc3 Qd7 18. Nxe4 dxe4 19. Nd2 h5 20. Nb3 b6 21. Bb5 Qd5 22. Bxc6 Rxc6 23. Qxa7 Rbc8 24. Rxc6 ({Not} 24. Qxe7 Bf8 $17) 24... Rxc6 25. Qxe7 Bf6 26. Qb4 h4 27. Rc1 ({White should try} 27. h3 $16) 27... h3 $14 28. Rxc6 Qxc6 29. Bc3 hxg2 30. Nd2 Be6 $1 31. a4 Bd5 $1 32. Kxg2 Bh4 {aiming for ...Qf6.} 33. Qb5 Qe6 34. Qe2 f5 (34... Qf5 $11) 35. h3 $16 Kh7 36. Kg1 Kh6 37. Bb4 g5 38. a5 (38. Nf1 $16) 38... bxa5 $11 39. Bxa5 f4 $1 40. Qg4 {And now Qxe6+ would win.} Qa6 $1 {[%cal Ra6a5]} 41. Qf5 $2 (41. Bb4 $11 Qa1+ {[%mdl 64] Double Attack} 42. Kh2) 41... Qxa5 $17 42. Qf6+ Kh7 (42... Kh5 $17 43. Qh8+ Kg6 44. Qe8+ Bf7 45. Qxe4+ Kg7) 43. Qf5+ $2 ({White must play} 43. Qe7+ $1 $11 Kg6 44. Qe8+ Kh7 45. Qe7+ Kg6 46. Qe8+ Kh7 47. Qe7+) 43... Kg7 $1 44. Qe5+ Kg6 $1 45. exf4 gxf4 ({Of course not} 45... Qxd2 $6 46. f5+ Kf7 47. Qxd5+ Kf8 48. Qd8+ Kf7 49. Qd7+ Kf8 50. Qd6+ Kg8 51. Qg6+ Kh8 52. Qh6+ Kg8 53. Qg6+ Kh8 54. Qh6+ Kg8 55. Qg6+ $11) 46. Qxf4 {[#]} Bf6 (46... Bg5 $1 $17 47. Qd6+ Bf6) 47. Qg4+ (47. Kh2 $1 $15) 47... Kf7 {Strongly threatening ...Ke7.} 48. Qd7+ Kf8 49. Nf1 (49. Qf5 $17 Kg7 50. Qg4+ Kf8 51. Qf4) 49... Bf7 50. Ng3 e3 (50... Qd5 $17 51. Qc8+ Be8 52. Qc5+ Qxc5 53. dxc5 Bc6) 51. Qc8+ $11 Kg7 52. Nf5+ (52. fxe3 $15 Qe1+ 53. Nf1) 52... Kh7 $19 53. Nxe3 Bxd4 54. Qd7 Qg5+ 55. Ng4 Qf4 56. Kg2 (56. b4 {was worth a try.}) 56... Qe4+ $2 (56... Bxb2 $19 57. Qb7 Bc3) 57. Kg3 $17 Kg7 58. b4 Qd3+ ({Black should play} 58... Bb6 $17) 59. Kg2 Qc4 60. Ne3 $132 {[%mdl 2048] White is not holding back} Bxe3 $1 61. fxe3 Qe2+ {[%mdl 64] Double Attack} 62. Kg3 Qxe3+ 63. Kg2 Kf6 {Hoping for ...Qe2+.} 64. Qd8+ Ke5 65. Qc7+ Kf6 {...Bd5+ is the strong threat.} 66. Qc6+ Kg7 {Threatens to win with ...Qd4.} 67. Qd7 Qc3 68. b5 Qe5 69. b6 {[#]} (69. Kf2 $11 {keeps the balance.}) 69... Kf6 (69... Qb2+ $1 $17 70. Kf3 Qxb6) 70. Qd8+ $11 {The position is equal.} Kg6 {White must now prevent ...Bd5+.} 71. Qc7 Qe2+ 72. Kg3 Qe3+ 73. Kg2 Qe2+ 74. Kg3 Qe3+ 75. Kg2 Bd5+ 76. Kf1 Qf3+ 77. Ke1 Qe3+ 78. Kf1 Qxh3+ 79. Ke2 Qf3+ 80. Kd2 Be4 81. Qd6+ Kg5 82. Qe5+ Kh6 83. Qe6+ Kh5 84. Qe5+ Kh4 85. Qh8+ Kg5 86. Qe5+ Kg6 {( -> ...Qd3+)} 87. Qe6+ Kh7 {Quite a comeback for White. Accuracy: White = 81%, Black = 81%.} 1/2-1/2

[Event "Magnus Carlsen Invitational 2020"]
[Site "magnuscarlsen.com"]
[Date "2020.04.27"]
[Round "5.5"]
[White "Caruana, Fabiano"]
[Black "Nakamura, Hikaru"]
[Result "1-0"]
[WhiteElo "2773"]
[BlackElo "2829"]
[Annotator "TA"]
[PlyCount "99"]
[EventDate "2020.04.18"]
[EventType "tourn"]
[EventCountry "NOR"]
[SourceTitle "playchess.com"]
[Source "ChessBase"]
[SourceQuality "1"]

{[%evp 13,99,10,14,0,15,-5,0,-10,-4,-11,0,0,0,0,0,0,-14,-21,-8,-8,0,0,17,-12,-15,-26,0,-25,0,0,0,0,0,-1,0,0,20,0,10,0,0,0,78,73,64,68,217,205,180,139,148,124,159,137,227,224,465,238,307,257,381,241,337,107,214,206,348,338,312,310,420,407,585,452,735,735,1099,1096,1094,1095,4132,4132,5502,5498,5306,5297,5160,5034]} 1. d4 Nf6 2. c4 e6 3. Nf3 d5 4. Nc3 Be7 5. Bf4 O-O 6. e3 Nbd7 (6... c5 7. dxc5 Bxc5 8. a3 Nc6 9. Qc2 Qa5 10. Rd1 Re8 11. Nd2 e5 12. Bg5 Nd4 13. Qb1 Bf5 14. Bd3 Bxd3 15. Qxd3 Ne4 16. Nxd5 Nxg5 17. b4 Qd8 18. bxc5 Nde6 19. Qf5 Nxc5 20. h4 Nge6 21. Nf3 {1-0 (40) Caruana,F (2819)-Nakamura,H (2754) Zagreb 2019}) 7. cxd5 Nxd5 8. Nxd5 {D37: Queen's Gambit Declined: 5 Bf4.} exd5 9. Bd3 c5 10. O-O {The position is equal. 10.dxc5 deserves study.} c4 11. Bc2 b5 12. b3 a5 13. bxc4 bxc4 14. Rb1 Bb4 {[#]} 15. h3 $146 ({Predecessor:} 15. Ne5 Nxe5 16. Bxe5 Be6 17. Qh5 g6 18. Qh6 f6 19. Bg3 Qd7 20. f3 Rac8 21. Rf2 {½-½ (48) Brzoza,M (2252)-Buczinski,H (2202) ICCF email 2008}) 15... Ra6 16. Qe2 Nf6 17. Ne5 Be6 18. f3 Nd7 19. Ng4 Re8 20. Rfd1 Bxg4 21. hxg4 Bd6 22. Bxd6 Rxd6 23. Rb7 Nf8 24. Qf2 Rf6 25. Rdb1 Qd6 26. g5 Rfe6 27. e4 Qa3 (27... Qf4 $11 {remains equal.}) 28. e5 $16 R6e7 {Threatening ...Rxb7.} 29. R7b5 Qc3 (29... Rd7 $14) 30. Rxd5 $18 Ne6 31. Ba4 Rf8 32. f4 $1 g6 33. Rd6 Ng7 (33... Qa3 $16 {might work better.}) 34. Bc2 Ne8 $2 (34... Ne6 {is a better defense.} 35. Be4 Ree8) 35. Rc6 (35. Rd8 $142 Ng7 36. Rxf8+ Kxf8 37. Ba4) 35... Rd7 36. Rd1 Nc7 (36... Rc7 $142) 37. Be4 Rfd8 {[%cal Rd7d4] [#]} 38. Qf3 $2 (38. f5 $1 $18) 38... Qxf3 (38... Nb5 $16 {was called for.}) 39. Bxf3 Ne6 {[#]} (39... Nb5 $142) 40. d5 $1 (40. Rxc4 Nxd4 41. Bg4 Nf3+ 42. Bxf3 Rxd1+ 43. Bxd1 Rxd1+ 44. Kh2 Kg7 $16) 40... Nxf4 41. d6 (41. Rxc4 Nxd5 42. Ra4 Nc7 $16) 41... Nd3 42. Bg4 Ra7 (42... Nxe5 {was necessary.} 43. Bxd7 Nxd7 44. Rxc4 f6 45. gxf6 Nxf6) 43. d7 {White is clearly winning.} Kf8 (43... Kg7 $142 44. e6 (44. Rxc4 Nxe5 45. Rc8 Rdxd7 $18) 44... fxe6 45. Bxe6 Nf4) 44. Rxc4 Nb4 45. e6 fxe6 46. Bxe6 Ra6 {[#]} 47. Rc8 $1 Ke7 48. Bg4 Ra8 49. Re1+ Kf7 50. Re8 {Accuracy: White = 74%, Black = 38%.} 1-0

[Event "Magnus Carlsen Invitational 2020"]
[Site "magnuscarlsen.com"]
[Date "2020.04.28"]
[Round "6.1"]
[White "Carlsen, Magnus"]
[Black "Nepomniachtchi, Ian"]
[Result "0-1"]
[WhiteElo "2881"]
[BlackElo "2778"]
[Annotator "TA"]
[PlyCount "56"]
[EventDate "2020.04.18"]
[EventType "tourn"]
[EventCountry "NOR"]
[SourceTitle "playchess.com"]
[Source "ChessBase"]
[SourceQuality "1"]

{[%evp 9,56,-18,-10,-16,-20,-173,-193,-182,-189,-237,-240,-247,-239,-235,-223,-273,-264,-275,-279,-279,-286,-320,-308,-320,-300,-385,-300,-322,-315,-357,-379,-387,-376,-352,-373,-389,-363,-490,-484,-525,-505,-552,-548,-649,-547,-541,-534,-516,-489]} 1. e4 c5 2. Nf3 d6 3. d4 cxd4 4. Nxd4 Nf6 5. Bc4 Nxe4 6. Qh5 {B55: Sicilian: 2...d6 3 d4 cxd4 4 Nxd4 Nf6 5 f3.} e6 $1 7. Nxe6 $2 {[#]} (7. Bb5+ $1 $11 Nd7 8. Nxe6) 7... Bxe6 $146 ({Predecessor:} 7... Qe7 8. O-O Bxe6 9. Bxe6 Qxe6 10. Re1 d5 11. Nc3 Bb4 12. Nxd5 Bxe1 13. Nc7+ Kd7 14. Nxe6 Bxf2+ {1-0 (43) Sawyer,B (1836)-McCue,M (1899) Dallas 2002}) 8. Bxe6 {[%csl Ge6][%cal Rh5f7] Black is clearly better.} Qe7 9. Bxf7+ Qxf7 10. Qe2 Qe7 11. O-O {[#]} Nf6 $1 12. Be3 Nc6 13. Nc3 d5 14. Qf3 O-O-O {aiming for ...d4.} ({Don't take} 14... d4 15. Bg5 $19) 15. Rfe1 Qd7 16. Nb5 a6 17. a4 Qg4 {Hoping for ...Qxf3.} 18. Qxg4+ Nxg4 19. Bb6 axb5 20. axb5 {[#]} Nb8 $1 21. Bxd8 Kxd8 22. h3 Nf6 23. Ra7 Kc7 {Black is clearly winning.} 24. Re6 Bc5 25. b6+ Bxb6 26. Re7+ Kd6 27. Raxb7 Nbd7 28. Rxg7 Kc6 {White got outplayed after the opening. Accuracy: White = 51%, Black = 94%.} 0-1

[Event "Magnus Carlsen Invitational 2020"]
[Site "magnuscarlsen.com"]
[Date "2020.04.29"]
[Round "6.1"]
[White "Nakamura, Hikaru"]
[Black "Ding, Liren"]
[Result "1/2-1/2"]
[WhiteElo "2829"]
[BlackElo "2836"]
[Annotator "TA"]
[PlyCount "112"]
[EventDate "2020.04.18"]
[EventType "tourn"]
[EventCountry "NOR"]
[SourceTitle "playchess.com"]
[Source "ChessBase"]
[SourceQuality "1"]

{[%evp 9,112,16,17,5,12,6,8,10,23,0,0,-22,0,-10,-4,-14,-8,-39,-34,-42,-8,-31,0,0,0,0,2,3,11,0,0,0,0,6,0,0,13,7,16,0,0,0,0,0,0,0,0,0,0,0,0,0,0,-25,0,0,0,-58,-10,-23,0,0,0,0,95,95,193,7,14,14,13,0,0,-30,0,0,-7,-14,0,0,19,19,19,9,18,19,21,18,21,20,27,0,0,0,0,0,0,0,0,0,0,0,0,0,0]} 1. e4 e5 2. Nf3 Nc6 3. Bb5 Nf6 4. d3 Bc5 5. Bxc6 dxc6 6. Nbd2 {C65: Ruy Lopez: Berlin Defence (3...Nf6), unusual lines and 4 0-0 Bc5.} (6. O-O {keeps more tension.} Nd7 7. c3 O-O 8. Qc2 Bd6 9. Rd1) 6... Nd7 $1 {[%mdl 4] 6...Nd7 is setting a new trend. Played by Hikaru Nakamura in February 2020.} 7. O-O O-O 8. Nc4 Re8 9. a4 a5 {[#]} 10. h4 $146 ({Predecessor:} 10. b3 Bf8 11. Bb2 f6 12. Kh1 Nc5 13. Rg1 Ne6 14. g4 g5 15. h4 h6 16. Ne3 {0-1 (31) So,W (2767)-Nakamura,H (2745) chess.com INT 2020}) 10... b6 11. Be3 Bf8 12. g3 f6 13. Bd2 Nc5 14. Ne3 Ne6 15. h5 c5 16. Nh4 Nd4 17. Bc3 Bh3 18. Re1 Be6 19. Kg2 Qd7 20. b3 Rad8 21. Bxd4 {Bc3 is the strong threat.} cxd4 22. Nef5 Qc6 23. Rh1 Rd7 24. Kh2 Kf7 25. Qe2 Bd6 26. Raf1 Rg8 27. f4 Ke8 28. fxe5 Bxe5 29. Nf3 Kd8 30. Nxe5 fxe5 31. Rf2 Kc8 32. Rhf1 Kb7 33. Nh4 (33. g4 $11) 33... Qc5 34. Qd2 Rd6 35. Qg5 h6 36. Qe7 Rc6 {[#]} (36... Bg4 $11 {keeps the balance.}) 37. Ng6 $1 $16 Bg4 {[#]} (37... Bc8 $16) 38. Qxe5 $2 (38. Qh4 $1 $18 {[%cal Rh4g4]} Rxg6 39. hxg6) 38... Bxh5 39. Qxc5 Rxc5 40. Nf4 Bg4 41. Kg2 Rd8 42. Ng6 Rd6 43. Ne7 Re6 44. Nd5 Rec6 45. c4 dxc3 {And now ...Be6 would win.} 46. d4 Rxd5 47. exd5 $11 {[%mdl 4096] Endgame KRR-KRB} Rd6 48. Rc1 Rxd5 49. Rf4 Bf5 {aiming for ...g5.} 50. g4 Bd7 {The position is equal.} 51. Rxc3 g5 52. Re4 Rd6 {White must now prevent ...Bc6.} 53. Kf2 Bc6 54. Re7 Rxd4 55. Re6 Bd5 56. Rxh6 Rxg4 {Accuracy: White = 86%, Black = 84%.} 1/2-1/2

[Event "Magnus Carlsen Invitational 2020"]
[Site "magnuscarlsen.com"]
[Date "2020.04.29"]
[Round "6.1"]
[White "Caruana, Fabiano"]
[Black "Vachier-Lagrave, Maxime"]
[Result "1-0"]
[WhiteElo "2773"]
[BlackElo "2860"]
[Annotator "TA"]
[PlyCount "93"]
[EventDate "2020.04.18"]
[EventType "tourn"]
[EventCountry "NOR"]
[SourceTitle "playchess.com"]
[Source "ChessBase"]
[SourceQuality "1"]

{[%evp 15,93,18,25,22,37,26,22,25,30,30,17,22,28,23,27,0,0,0,0,0,0,0,0,0,0,7,10,0,54,37,74,61,106,11,44,0,83,77,66,65,66,73,74,72,80,72,72,60,75,66,70,66,83,60,67,31,90,86,84,87,98,61,47,0,0,0,79,72,87,79,148,135,216,116,29980,29981,29981,29982,29977,29977]} 1. d4 d5 2. c4 c6 3. Nf3 Nf6 4. e3 Bf5 5. Nc3 e6 6. Nh4 Be4 7. f3 Bg6 8. Qb3 Qc7 9. Bd2 {D12: Slav Defence: 3 Nf3 Nf6 4 e3 Bf5.} Be7 10. cxd5 cxd5 11. Nxg6 {The position is equal.} hxg6 12. O-O-O a6 13. Kb1 Nc6 14. Rc1 Rb8 {[#]} 15. Bd3 $146 ({Predecessor:} 15. g3 Bd6 16. Bd3 O-O 17. Qd1 b5 18. g4 Qb7 19. g5 Nd7 20. h4 Nb4 21. Be2 {1-0 (44) Kryakvin,D (2588)-Loiseau,Q (2452) Graz 2019}) 15... Rxh2 16. Ne2 Rxh1 17. Rxh1 b5 18. e4 {[#] Bf4 is the strong threat.} Qb6 19. Qd1 Nb4 ({Not} 19... Nxd4 $2 20. Rh8+ Kd7 21. Rxb8 $18) 20. Bxb4 Bxb4 21. e5 Nd7 (21... Ng8 $11) 22. f4 {[%mdl 1024] White has compensation.} Nf8 23. g4 Be7 24. Ng3 (24. Rh8 $16) 24... Rc8 25. Rh8 Kd8 (25... f5 $1 $11 {keeps the balance.}) 26. Bc2 f5 27. exf6 gxf6 28. Bxg6 Kc7 29. Bc2 Kb8 30. Ne2 Qc7 31. a4 bxa4 32. Bxa4 Nd7 33. Rh7 Nb6 34. Bb3 Qd6 $1 35. Qd3 Nc4 (35... Qb4 $14) 36. Bxc4 $1 $16 Rxc4 37. Qe3 $36 {[%mdl 2048] White is in control.} Rc7 38. Nc3 Rb7 39. f5 (39. g5 $5 {[%cal Rg5g6]} Qb4 40. Qd2 $16) 39... exf5 40. gxf5 Bd8 (40... Qb4 $11 41. Nd1 Qa4) 41. Rxb7+ Kxb7 42. Na4 Ka7 {[#]} (42... Qc6 $142 43. Nc5+ Ka7) 43. Qe8 $1 Bc7 (43... Kb7 $16) 44. Nc5 (44. Qe6 $18) 44... Qf4 $2 {[%mdl 8192]} (44... Bd8 $16 45. Qg8 Kb6) 45. Qc8 {[%csl Gc5][%cal Rc8b7] White mates.} Qf1+ 46. Ka2 {[%csl Gc5][%cal Rc8b7]} Qc4+ 47. Ka3 {Accuracy: White = 77%, Black = 64%.} 1-0

[Event "Magnus Carlsen Invitational 2020"]
[Site "magnuscarlsen.com"]
[Date "2020.04.28"]
[Round "6.1"]
[White "Firouzja, Alireza"]
[Black "Giri, Anish"]
[Result "1-0"]
[WhiteElo "2703"]
[BlackElo "2731"]
[Annotator "TA"]
[PlyCount "113"]
[EventDate "2020.04.18"]
[EventType "tourn"]
[EventCountry "NOR"]
[SourceTitle "playchess.com"]
[Source "ChessBase"]
[SourceQuality "1"]

{[%evp 13,113,0,0,0,0,0,0,-2,-2,0,15,11,19,14,21,26,31,8,15,19,35,32,31,24,19,22,28,11,19,4,24,0,15,0,4,0,29,0,0,0,60,56,179,60,62,72,72,61,99,62,52,73,86,91,94,68,96,51,311,304,367,345,673,662,672,591,631,504,505,505,500,495,542,533,764,670,750,691,984,828,1235,786,724,738,765,757,626,602,766,758,623,550,815,788,824,837,1825,1894,1590,1483,1130,991]} 1. d4 Nf6 2. c4 e6 3. Nf3 d5 4. Nc3 Bb4 5. e3 O-O 6. Bd2 b6 {6...b6 is better than 6...c5.} 7. cxd5 exd5 8. Rc1 {E51: Nimzo-Indian: Rubinstein: 4...0-0 5 Nf3 d5.} Bb7 9. Nb5 $5 {[%mdl 4] An interesting side line.} Bxd2+ 10. Nxd2 {[#] The position is equal.} c6 $146 ({Predecessor:} 10... a6 11. Nc3 c5 12. Nf3 c4 13. g3 Nbd7 14. Bg2 Re8 15. O-O b5 16. a3 Bc6 {0-1 (45) Zysk,R (2421)-Yilmaz,M (2624) Rio Achaea 2018}) 11. Nc3 Re8 12. Be2 Ba6 13. O-O Bxe2 14. Nxe2 Qd6 15. Qa4 a5 16. Rc3 Ra7 17. Rfc1 Rc7 18. Ng3 Rec8 19. Nf3 Nbd7 20. Ne1 g6 21. Nd3 h5 22. f3 h4 23. Nf1 Kg7 24. a3 h3 25. g4 c5 26. Nf4 Rh8 (26... Nf8 $11) 27. Ng3 Nf8 {[#]} (27... Rcc8 $14) 28. dxc5 (28. g5 $1 $18 N6d7 29. Qb3) 28... bxc5 $14 29. Qxa5 {[%cal Rc3c5]} N8d7 30. g5 Nh7 31. Nxh3 Rb7 32. b4 {[%cal Rb4c5]} cxb4 {White now steadily converts the win.} 33. axb4 Rxb4 {With the idea ...Rh4.} 34. f4 Nhf8 35. Nf2 $36 {[%mdl 2048] White is pushing.} Ne6 $2 {[%mdl 8192]} ({Better is} 35... d4 $1 $14 36. Rc6 Qb8) 36. Rc6 $18 Qe7 37. Qxd5 {f5 is the strong threat.} Nef8 $2 (37... Rhb8 38. Nfe4 Nef8) 38. Qd3 {White is clearly winning.} Rh4 39. Nfe4 Kh7 40. Rc7 {Strongly threatening Nf6+!} Qe6 41. Nf2 Rb3 42. R7c3 Rb2 43. Nge4 Rb6 44. Kg2 Rh5 45. Kg3 Qf5 46. Ng4 Kg8 47. Nef6+ Nxf6 48. Qxf5 ({Stronger than} 48. Nxf6+ Rxf6 49. gxf6 Rh3+ 50. Kf2 Rxh2+ 51. Kf3 Rh3+ 52. Kf2 Rh2+ 53. Kf3 Qh5+ 54. Ke4 Qf5+ 55. Kf3 $11) 48... gxf5 49. Nxf6+ Rxf6 50. gxf6 {[%mdl 4096] Endgame Hoping for Rc8! KRR-KRN} Kh7 51. Rc8 Ne6 52. Rd1 Kg6 53. Rd5 Kxf6 {[#]} 54. e4 $1 Ng7 (54... fxe4 55. Rxh5) 55. e5+ Kg6 56. Rg8 Kh7 57. Rdd8 {Accuracy: White = 82%, Black = 51%.} 1-0